[Event "Chianciano tt"]
[Site "Chianciano Terme"]
[Date "1989.??.??"]
[Round "?"]
[White "Michalet, Guy"]
[Black "Vujosevic, Goran"]
[Result "1-0"]
[WhiteElo "2215"]
[BlackElo "2250"]
[PlyCount "65"]
[EventDate "1989.??.??"]
[EventType "swiss"]
[EventRounds "9"]
[EventCountry "ITA"]
[SourceTitle "EXT 1997"]
[Source "ChessBase"]
[SourceDate "1996.11.15"]
[SourceVersion "1"]
[SourceVersionDate "1996.11.15"]
[SourceQuality "1"]

1. Nf3 d5 2. c4 e6 3. g3 Nf6 4. Bg2 dxc4 5. Ne5 Qd4 6. f4 Nbd7 7. Qa4 Rb8 8. Qxc4 Qd6 9. d4 c5 10. Be3 b5 11. Qd3 c4 12. Qd2 Bb7 13. Bxb7 Rxb7 14. 0-0 Be7 15. a4 a6 16. axb5 axb5 17. Ra8+ Nb8 18. f5 exf5 19. Rxf5 0-0 20. Nc3 Qe6 21. Qc2 Ne8 22. d5 Qd6 23. Ng4 g6 24. Ne4 Qd8 25. Nh6+ Kg7 26. Qc3+ f6 27. d6 Nxd6 28. Nc5 Qc8 29. Rd5 Ne8 30. Nxb7 Qxb7 31. Ra7 Qxd5 32. Rxe7+ Kh8 33. Rxe8 1-0

[Event "Chianciano tt"]
[Site "Chianciano Terme"]
[Date "1989.??.??"]
[Round "?"]
[White "Vujosevic, Goran"]
[Black "Vujovic, M."]
[Result "1/2-1/2"]
[WhiteElo "2250"]
[BlackElo "2310"]
[PlyCount "125"]
[EventDate "1989.??.??"]
[EventType "swiss"]
[EventRounds "9"]
[EventCountry "ITA"]
[SourceTitle "EXT 1997"]
[Source "ChessBase"]
[SourceDate "1996.11.15"]
[SourceVersion "1"]
[SourceVersionDate "1996.11.15"]
[SourceQuality "1"]

1. e4 c5 2. Nf3 e6 3. d3 Nc6 4. g3 d6 5. Bg2 Nf6 6. 0-0 Be7 7. c3 0-0 8. Re1 Rb8 9. Nbd2 b6 10. a3 Ne5 11. Nxe5 dxe5 12. Nc4 Nd7 13. a4 Qc7 14. f4 Bf6 15. f5 exf5 16. exf5 Rd8 17. g4 h6 18. g5 hxg5 19. Qh5 Nf8 20. Bxg5 Bxg5 21. Qxg5 Nh7 22. Qh5 Nf6 23. Qh3 Re8 24. Re3 Nh7 25. Rg3 Rd8 26. Ne3 Rxd3 27. Qh6 f6 28. Bd5+ Rxd5 29. Nxd5 Qf7 30. Ne3 Ng5 31. Qg6 Nh3+ 32. Kf1 Ba6+ 33. Ke1 Nf4 34. Qxf7+ Kxf7 35. c4 e4 36. Rg4 Nd3+ 37. Kd2 Rd8 38. Kc3 Ne5 39. Rxe4 Bb7 40. Nd5 Bxd5 41. cxd5 Rxd5 42. Rf1 a6 43. Rh4 Nc6 44. Rh8 Nb4 45. Rf3 Nc6 46. Ra8 Nd4 47. Ra7+ Kg8 48. Ra8+ Kf7 49. Ra7+ Kg8 50. Rf2 b5 51. Rxa6 bxa4 52. Kc4 Re5 53. Ra5 Nxf5 54. Kb5 Nd6+ 55. Kxa4 Re4+ 56. Kb3 Rb4+ 57. Ka2 Ne4 58. Rf3 Rb7 59. Rf4 Re7 60. Ra4 Nd6 61. Ra6 Ne4 62. Ra4 Nd6 63. Ra6 1/2-1/2